| 000 | 00941nam a2200193 i 4500 | ||
|---|---|---|---|
| 001 | 166719 | ||
| 003 | ES-MaACL | ||
| 005 | 20230906213404.0 | ||
| 008 | 050920s1880 sp | |||||||| ||spa d | ||
| 040 |
_aCAM _bspa _cCAM |
||
| 100 | 1 |
_aTuñi y Falguera, José de Calasanz. _9133423 |
|
| 245 | 1 | 0 |
_aDe las reformas en el procedimiento judicial en lo que se refiere á las declaraciones de fallecimiento ab-intestato / _cpor José de Calasanz Tuñi y Falguera. |
| 260 |
_aMataró, _c1880 ( _fEstablecimiento tipográfico de las Hijas de Abadal) |
||
| 300 |
_a14 p. ; _c24 cm. |
||
| 500 | _aDatos tomados de la cub. | ||
| 650 | 4 |
_aHerencias. _9136216 |
|
| 650 | 4 |
_aProcedimiento civil. _916419 |
|
| 852 |
_aES-MaACL _jT-1266-F-3 _z-- Enc. hol., conservando la cub. original _z-- An. ms.: "Publicado en la Gaceta de Registradores y Notarios de Madrid y Revisata de Procuradores, de 21 noviembre 1880 y siguientes" _z-- Enc. en un vol. facticio |
||
| 999 |
_c166719 _d166719 |
||